| 000 | 00734nam a2200229Ia 4500 | ||
|---|---|---|---|
| 001 | 8481 | ||
| 003 | GE_BSU | ||
| 008 | 181216s||||||||xx |||||||||||||| ||und|| | ||
| 040 | _cGE_BSU | ||
| 080 | _a821.353.1-1 | ||
| 100 | _aგურჯიძე, არჩილ | ||
| 245 | _aყველგან ჩემი სახლია. | ||
| 245 | _bლექსები. | ||
| 245 | _cრედ:ვ.გვეტაძე;მხატვ:.ა.ნაზარიშვილი | ||
| 260 | _aთბილისი. | ||
| 260 | _bნაკადული. | ||
| 260 | _c1960. | ||
| 300 | _a92გვ;19სმ. | ||
| 653 | _aლექსები. | ||
| 653 | _aყველგან ჩემი სახლია. | ||
| 942 | _cBK | ||
| 999 |
_c41798 _d41798 |
||